Villes de France en L - Statistiques

Statistiques générales
  • Ce quiz a été pris 158 fois
  • Le résultat moyen est 10 sur 15
Statistiques - réponses
Indices Villes % Correct
Ville nordiste voyant sa métropole s'étaler jusqu'en Belgique. Lille
99%
Ville rhodanienne à la confluence du Rhône et de la Saône. Lyon
95%
Ville connue pour sa production de rillettes ainsi que pour sa course de voiture mythique. Le Mans
91%
Préfecture vendéenne, à moins d'une heure en voiture du Puy du Fou. La Roche-sur-Yon
84%
Préfecture de la Charente-Maritime, non loin des îles d'Oléron et de Ré. La Rochelle
82%
Préfecture de la Haute-Vienne, connue pour sa porcelaine. Limoges
82%
Ville de Mayenne, natale d'Ambroise Paré, du Douanier Rousseau et d'Alfred Jarry. Laval
79%
Ville des Hautes-Pyrénées, où Bernadette Soubirous dit y avoir vu la vierge. Lourdes
76%
Ville normande doyenne des clubs de foot français. Le Havre
75%
Ville de la région parisienne connue pour avoir eu Patrick Balkany comme maire. Levallois-Perret
65%
Préfecture de l'Aisne, où César mena la bataille de Bibrax. Laon
63%
Préfecture de la Haute-Loire, où Laurent Wauquiez a été maire. Le Puy-en-Velay
46%
Ville de Gironde, au nom fortement semblable à une ville italienne. Libourne
42%
Ville languedocienne connue pour sa gastronomie et notamment sa blanquette. Limoux
35%
Ville des Bouches-du-Rhône, lieu de naissance de Zinédine Zidane. La Castellanne
19%
Aucun quiz correspondant
Distribution des résultats
% des personnes avec chaque résultat
Percentile par nombre de réponses
Votre historique - résultats
Vous n’avez pas pris ce quiz